Návrh systému vzdelávania zamestnancov v kontexte s udržateľným spoločensko zodpovedným podnikaním v podniku PCA Slovakia, s.r.o.

Salvato in:
Dettagli Bibliografici
Autore principale: Lenčešová, Patrícia (Autore)
Altri autori: Mrvová, Ľubica (Relatore della tesi)
Natura: Manoscritto Libro
Lingua:slovacco
Pubblicazione: 2017
Soggetti:
Accesso online:http://is.stuba.sk/zp/portal_zp.pl?podrobnosti=126200
Tags: Aggiungi Tag
Nessun Tag, puoi essere il primo ad aggiungerne!!

MARC

LEADER 00000ntm a22000003a 4500
001 stuzp62451
003 SK-STU
005 20170603210358.5
007 ta
008 150427s2015----xo-----f-mn---000-0-slo-d
040 |a STU  |b slo 
041 0 |a slo 
100 1 |a Lenčešová, Patrícia  |u 064000  |k Z4  |4 aut  |U MTF Materiálovotechnologická fakulta  |T MTF Ústav priemyselného inžinierstva a manažmentu  |X 47033  |U M4000  |Y 84  |7 47033 
242 0 1 |a Designing a system of employee training in the context of sustainable socially responsible business at PCA Slovakia LTD  |y eng 
245 1 0 |a Návrh systému vzdelávania zamestnancov v kontexte s udržateľným spoločensko zodpovedným podnikaním v podniku PCA Slovakia, s.r.o. 
260 |c 2017 
650 4 |a vzdelávanie  |2 slo 
650 4 |a systém vzdelávania  |2 slo 
650 4 |a udržateľné spoločensky zodpovedné podnikanie  |2 slo 
650 4 |a vzdelávanie zamestnancov  |2 slo 
650 4 |a touch panel  |2 slo 
650 4 |a cafeteria systém  |2 slo 
650 4 |a elektronická prezenčná listina  |2 slo 
650 4 |a training  |2 eng 
650 4 |a education system  |2 eng 
650 4 |a sustainable socially responsible business  |2 eng 
650 4 |a training employees,  |2 eng 
650 4 |a touch panel  |2 eng 
650 4 |a cafeteria system  |2 eng 
650 4 |a electronic attendance list  |2 eng 
700 1 |a Mrvová, Ľubica  |u 064000  |k Z1  |4 ths  |U MTF Materiálovotechnologická fakulta  |T MTF Ústav priemyselného inžinierstva a manažmentu  |X 1484  |U M4000  |Y 84  |7 A000001484 
856 4 |u http://is.stuba.sk/zp/portal_zp.pl?podrobnosti=126200 
996 |c M* DP-13249  |l MMSKP  |s P  |a 0  |w stuzp62451_0001